Poesia de guerra / il·lustracions d'Enric Cluselles
Descripción Física:
151 p. : il., [2] f. ; 17 cm
MARC
| LEADER | 00000nam a2200000Ia 4500 | ||
|---|---|---|---|
| 001 | 638 | ||
| 008 | 160829s1930 xx 000 0 cat d | ||
| 080 | |a L-1-134 | ||
| 245 | |a Poesia de guerra / il·lustracions d'Enric Cluselles | ||
| 260 | |a [S.l.] : |b Generalitat de Catalunya, Serveis de Cultura al Front, |c 1930 | ||
| 300 | |a 151 p. : |b il., [2] f. ; |c 17 cm | ||
| 700 | |a Cluselles, Enric, il. |9 35527 | ||
| 700 | |a Catalunya. Serveis de Cultura al Front |9 26922 | ||
| 901 | |a Arxiu | ||
| 942 | |n 1 | ||
| 952 | |0 0 |1 0 |4 0 |6 L1134 |7 1 |9 46942 |a Arxiu |b Arxiu |d 2016-12-01 |l 0 |o L-1-134 |p 638 |r 2016-12-01 00:00:00 |w 2016-12-01 |y ARXIU | ||
| 999 | |c 50735 |d 50735 | ||